Deepsea mining : selected papers from a series of seminars held at the Massachusetts Institute of Technology in December 1978 and January 1979 /

Bibliographic Details
Other Authors: Kildow, Judith Tegger
Format: Book
Language:English
Published: Cambridge, Mass. : MIT Press, [1980]
Subjects:

MARC

Tag First Indicator Second Indicator Subfields
LEADER 00000cam a2200000 i 4500
001 in00000054399
005 20151008052027.0
008 800122s1980 maua b 10000 eng
010 |a  79023633  
020 |a 026211075X 
035 |a (OCoLC)05612472 
035 |9 AAH1299AM 
040 |a DLC  |c DLC  |d TXA  |d UtOrBLW 
049 |a TXAM  |c [1497487] 
050 0 0 |a TN291.5  |b .D43 
082 0 |a 333.8/09162 
245 0 0 |a Deepsea mining :  |b selected papers from a series of seminars held at the Massachusetts Institute of Technology in December 1978 and January 1979 /  |c edited by Judith T. Kildow. 
264 1 |a Cambridge, Mass. :  |b MIT Press,  |c [1980] 
264 4 |c ©1980 
300 |a x, 251 pages :  |b illustrations ;  |c 24 cm. 
336 |a text  |b txt  |2 rdacontent 
337 |a unmediated  |b n  |2 rdamedia 
338 |a volume  |b nc  |2 rdacarrier 
504 |a Includes bibliographies. 
650 0 |a Ocean mining  |x Congresses. 
700 1 |a Kildow, Judith Tegger. 
999 |a MARS 
999 f f |s 56c636ed-f7d6-3a30-8cda-2838f525467a  |i 70e77676-2e73-357a-a91a-15ec2bcf89a8  |t 0 
952 f f |p ric  |a Texas A&M University  |b Rellis Campus  |c Joint Library Facility  |d Remote Storage  |t 0  |e TN291.5 .D43  |h Library of Congress classification  |i unmediated -- volume  |m A14805575798 
998 f f |a TN291.5 .D43  |t 0  |l Remote Storage